[Event "Bahn-chGT"]
[Site "Winterberg"]
[Date "2004.09.29"]
[Round "4"]
[White "Haase, Reinhard"]
[Black "Jankowski, Richard"]
[Result "1-0"]
[WhiteElo "2003"]
[BlackElo "2002"]
[PlyCount "71"]
[EventDate "2004.09.26"]
[EventType "swiss"]
[EventRounds "7"]
[EventCountry "GER"]
[SourceTitle "EXT 2013"]
[Source "ChessBase"]
[SourceDate "2012.11.22"]
[SourceVersion "1"]
[SourceVersionDate "2012.11.22"]
[SourceQuality "1"]

1. d4 d5 2. c4 e6 3. Nc3 f5 4. cxd5 exd5 5. Bf4 c6 6. e3 Bd6 7. Bxd6 Qxd6 8. f4 Nf6 9. Nf3 0-0 10. Bd3 Qb4 11. Qd2 Qe7 12. Ne5 Ne4 13. Bxe4 fxe4 14. 0-0-0 Be6 15. g4 Nd7 16. Nxd7 Bxd7 17. Qg2 b5 18. Kb1 a5 19. h4 a4 20. Ne2 Ra7 21. f5 Be8 22. h5 h6 23. Nf4 Bf7 24. Rc1 Rc7 25. Rc5 Rfc8 26. Qh2 Qg5 27. Qg3 Qf6 28. Ng6 Bxg6 29. hxg6 Rd7 30. Rc2 Rf8 31. Rf2 Qd6 32. Qh4 Qe7 33. g5 Rd6 34. f6 Qd8 35. f7+ Kh8 36. Qh5 1-0

[Event "Bahn-chG"]
[Site "Bad Laasphe"]
[Date "1994.10.15"]
[Round "7"]
[White "Jankowski, Richard"]
[Black "Baumgarten, Werner"]
[Result "1/2-1/2"]
[WhiteElo "1980"]
[BlackElo "1930"]
[PlyCount "52"]
[EventDate "1994.10.09"]
[EventType "swiss"]
[EventRounds "7"]
[EventCountry "GER"]
[SourceTitle "EXT 1999"]
[Source "ChessBase"]
[SourceDate "1998.11.16"]
[SourceVersion "1"]
[SourceVersionDate "1998.11.16"]
[SourceQuality "1"]

1. e4 c6 2. d4 d5 3. Bd3 dxe4 4. Bxe4 Nf6 5. Bf3 Bf5 6. Ne2 e6 7. 0-0 Bd6 8. Bf4 Bxf4 9. Nxf4 Qd6 10. Ne2 0-0 11. Nd2 Nbd7 12. c3 a5 13. Re1 Rfd8 14. Ng3 Bg6 15. Nc4 Qc7 16. Qb3 Nd5 17. Be4 Bxe4 18. Nxe4 b5 19. Ne3 a4 20. Qc2 N5f6 21. Rad1 h6 22. Nxf6+ Nxf6 23. Rd3 Rd7 24. Nf1 Rad8 25. Rg3 c5 26. Qd2 cxd4 1/2-1/2

[Event "Bahn-chG"]
[Site "Bad Laasphe"]
[Date "1994.10.11"]
[Round "3"]
[White "Jankowski, Richard"]
[Black "Schubert, Gerhard"]
[Result "1-0"]
[WhiteElo "1980"]
[BlackElo "1980"]
[PlyCount "69"]
[EventDate "1994.10.09"]
[EventType "swiss"]
[EventRounds "7"]
[EventCountry "GER"]
[SourceTitle "EXT 1999"]
[Source "ChessBase"]
[SourceDate "1998.11.16"]
[SourceVersion "1"]
[SourceVersionDate "1998.11.16"]
[SourceQuality "1"]

1. e4 d6 2. d4 Nf6 3. Bd3 e5 4. c3 Be7 5. Ne2 0-0 6. 0-0 Nbd7 7. h3 c6 8. Be3 Re8 9. Nd2 d5 10. f3 Qc7 11. Rc1 Qa5 12. Bb1 exd4 13. cxd4 dxe4 14. fxe4 Nf8 15. Nc4 Qd8 16. Qd3 Be6 17. b3 Qc7 18. Bf4 Qd8 19. Ne3 Nh5 20. Bh2 Qb6 21. Kh1 a5 22. d5 Bd7 23. Nc4 Qa6 24. Qf3 Nf6 25. d6 Bd8 26. e5 b5 27. exf6 Bxf6 28. Ne5 b4 29. Nd4 c5 30. Rxc5 Qxd6 31. Rd5 Qb6 32. Nxd7 Nxd7 33. Rxd7 Bxd4 34. Qxf7+ Kh8 35. Qf5 1-0